Netflix Shows - Statistics

General Stats
  • This quiz has been taken 1,397 times
  • The average score is 7 of 15
Answer Stats
Hint Answer % Correct
A boy called Will has mysteriously gone missing and a girl with telekinetic powers emerges Stranger Things
86%
A group of teenagers investigate the murder of Jason Blossom Riverdale
77%
Two brothers, with a dark secret, fight over a mortal girl, Elena The Vampire Diaries
75%
A girl has left a series of tapes after her untimely death 13 Reasons Why
74%
Four girls are stalked by the mysterious "A" Pretty Little Liars
73%
A boy was led into the woods by his friend and was bitten by a wolf, causing complications in his life Teen Wolf
70%
An obese girl loses weight and becomes a Pageant Girl Insatiable
49%
A group of people have died and believe that they have gone to heaven The Good Place
40%
A group of stuck up kids navigate through their complicated lives in New York City Gossip Girl
34%
A blind vigilante must defend New York City from Wilson Fisk Daredevil
32%
A genius and his grandson embark on adventures around the universe Rick and Morty
30%
A family, based in New Orleans, must encounter multiple foes from their long past The Originals
28%
A quiet man , with immense strength, must defend his city, harlem Luke Cage
19%
A group of powerful heroes join to take down the group known as "The Hand" The Defenders
10%
A cooking competition in which contestants must bake magnificent cakes Sugar Rush
9%
No matching quizzes found
Score Distribution
Percent of People with Each Score
Percentile by Number Answered
Your Score History
You have not taken this quiz